Catálogo

EL ARCHIPIELAGO CANARIO Y LAS INDIAS OCCIDENTALES (Registro nro. 2002)

Detalles MARC
000 -LEADER
fixed length control field 00501nam a2200169 a 4500
001 - CONTROL NUMBER
control field 2002
005 - DATE AND TIME OF LATEST TRANSACTION
control field 20180713182020.0
008 - FIXED-LENGTH DATA ELEMENTS--GENERAL INFORMATION
fixed length control field 140415s1969 sp 000 0 spa d
041 ## - LANGUAGE CODE
Language code of text/sound track or separate title spa
082 ## - DEWEY DECIMAL CLASSIFICATION NUMBER
Classification number 910.09
Item number BOR
100 1# - MAIN ENTRY--PERSONAL NAME
Personal name BORGES, ANALOLA
245 13 - TITLE STATEMENT
Title EL ARCHIPIELAGO CANARIO Y LAS INDIAS OCCIDENTALES
250 ## - EDITION STATEMENT
Edition statement 1a ed.
260 ## - PUBLICATION, DISTRIBUTION, ETC.
Place of publication, distribution, etc. ESPAÑA :
Name of publisher, distributor, etc. CULTURA HISPANICA,
Date of publication, distribution, etc. 1969
300 ## - PHYSICAL DESCRIPTION
Extent 90
650 14 - SUBJECT ADDED ENTRY--TOPICAL TERM
Topical term or geographic name entry element AMERICA
General subdivision DESCIBRIMIENTO Y EXPLORACIONES
-- ISLAS CANARIAS
-- EXPLORACIONES
Existencias
Withdrawn status Lost status Source of classification or shelving scheme Damaged status Not for loan Collection code Home library Current library Shelving location Date acquired Source of acquisition Inventory number Total Checkouts Full call number Barcode Date last seen Price effective from Koha item type
    Dewey Decimal Classification     General Biblioteca Karol Wojtyla Biblioteca Karol Wojtyla Sala general 03/12/2013 Compra 151000000000000000010187   910.09 BOR 1258 05/01/2026 03/12/2013 Libro